| 000 | 00677nam a2200193 4500 | ||
|---|---|---|---|
| 001 | 121265 | ||
| 003 | ES-MaACL | ||
| 005 | 20230906191724.0 | ||
| 007 | t| | ||
| 008 | 070214s1964 sp r ||||1| spa d | ||
| 100 | 1 |
_aPoo San Román, Julio. _993076 |
|
| 245 | 1 | 0 |
_aComillas / _cJulio Poo San Román ; la traducción al francés por María Antonia García Polvorino ; la traducción al inglés por F. Pardo. |
| 260 |
_aSantander : _bBedia, _c1964. |
||
| 300 |
_a122 p., 15 lám. ; _c17 cm. |
||
| 500 | _aTexto en español, francés e inglés. | ||
| 700 | 1 |
_aGarcía Polvorino, María Antonia. _955127 |
|
| 700 | 1 |
_aPardo, F. _988963 |
|
| 852 |
_aES-MaACL _jC-26123 _bR.54767 |
||
| 999 |
_c121265 _d121265 |
||